Catálogo

Manríquez y Zárate : (Registro nro. 37514)

Detalles MARC
000 -LEADER
fixed length control field 01070cam a2200289 i 4500
001 - CONTROL NUMBER
control field 37514
003 - CONTROL NUMBER IDENTIFIER
control field Mx-PuUPA
005 - DATE AND TIME OF LATEST TRANSACTION
control field 20260129143330.0
008 - FIXED-LENGTH DATA ELEMENTS--GENERAL INFORMATION
fixed length control field 140415s1974 mx a gr 000 0 spa d
040 ## - CATALOGING SOURCE
Original cataloging agency Mx-PuUPA
Language of cataloging spa
Transcribing agency Mx-PuUPA
Modifying agency Mx-PuUPA
Description conventions rda
041 0# - LANGUAGE CODE
Language code of text/sound track or separate title spa
100 1# - MAIN ENTRY--PERSONAL NAME
Personal name López Beltrán, Lauro,
Relator term autor
9 (RLIN) 336
245 10 - TITLE STATEMENT
Title Manríquez y Zárate :
Remainder of title primer obispo de Huejutla sublimador de Juan Diego heróico defensor de la fe /
Statement of responsibility, etc. Pbro. Lauro López Beltrán
250 ## - EDITION STATEMENT
Edition statement Primera edición /
Remainder of edition statement noviembre
264 #1 - PRODUCTION, PUBLICATION, DISTRIBUTION, MANUFACTURE, AND COPYRIGHT NOTICE
Place of production, publication, distribution, manufacture México, D.F.:
Name of producer, publisher, distributor, manufacturer Editorial Tradición,
Date of production, publication, distribution, manufacture, or copyright notice 1974
300 ## - PHYSICAL DESCRIPTION
Extent 275 páginas :
Other physical details ilustraciones ;
Dimensions 24 cm
336 ## - CONTENT TYPE
Fuente rdacontent
Content type term texto
Content type code txt
336 ## - CONTENT TYPE
Fuente rdacontent
Content type term imagen fija
Content type code sti
337 ## - MEDIA TYPE
Source rdamedia
Media type term sin medio
Media type code n
338 ## - CARRIER TYPE
Source rdacarrier
Carrier type term volumen
Carrier type code nc
490 0# - SERIES STATEMENT
Series statement Colección Episodios Nacionales Mexicanos ;
Volume/sequential designation 8
600 14 - SUBJECT ADDED ENTRY--PERSONAL NAME
Personal name Manríquez y Zárate, José de Jesús,
Dates associated with a name 1884-1951
600 0# - SUBJECT ADDED ENTRY--PERSONAL NAME
Personal name Juan Diego,
Dates associated with a name Santo,
Chronological subdivision 1474-1548
942 ## - ADDED ENTRY ELEMENTS (KOHA)
Source of classification or shelving scheme Dewey Decimal Classification
Koha item type Libro
Classification part 270.092
Item part Z36
Existencias
Withdrawn status Lost status Source of classification or shelving scheme Damaged status Not for loan Collection code Home library Current library Shelving location Date acquired Source of acquisition Total Checkouts Full call number Barcode Date last seen Price effective from Koha item type
    Dewey Decimal Classification     General Centro de Estudios Guadalupanos Centro de Estudios Guadalupanos Sala general 24/01/2026 Compra   270.092 Z36 1974 92817 24/01/2026 24/01/2026 Libro